书目信息 |
| 题名: |
吐魯番學
|
|
| 作者: | 王启涛, 著 | |
| 分册: | ||
| 出版信息: | 成都 巴蜀書社 2005 |
|
| 页数: | 410页 | |
| 开本: | 21cm | |
| 丛书名: | 四川師範大學文學院學術叢書 | |
| 单 册: | ||
| 中图分类: | K294.52 | |
| 科图分类: | ||
| 主题词: | 地方史--di fang shi--研究--新疆维吾尔自治区--吐鲁番地区 | |
| 电子资源: | ||
| ISBN: | 7-80659-691-7 | |
| 000 | 00832cam 2200265 450 | |
| 001 | CAL 012005130966 | |
| 005 | 20061122114314.76 | |
| 010 | @a7-80659-691-7@b精装@dCNY 29.80 | |
| 099 | @aCAL 012005130966 | |
| 100 | @a20051031d2005 ekmy0chiy0121 ea | |
| 101 | 0 | @achi |
| 102 | @aCN@b510000 | |
| 200 | 1 | @a吐魯番學@Atu lu fan xue@f王啓濤著 |
| 210 | @a成都@c巴蜀書社@d2005 | |
| 215 | @a410页@d21cm | |
| 225 | 2 | @a四川師範大學文學院學術叢書@Asi chuan shi fan da xue wen xue yuan xue shu cong shu@h第二輯 |
| 320 | @a有书目 | |
| 410 | 0 | @12001 @a四川師範大學文學院學術叢書@h第二輯 |
| 518 | 1 | @a吐鲁番学 |
| 606 | 0 | @a地方史@Adi fang shi@x研究@y新疆维吾尔自治区@y吐鲁番地区 |
| 690 | @aK294.52@v4 | |
| 701 | 0 | @a王启涛,@Awang qi tao@f1965-@4著 |
| 730 | 1 | @a王啓濤@4著 |
| 801 | @aCN@c20061122 | |
| 905 | @a10447@dK294.52@eW316 | |
| 吐魯番學/王啓濤著.-成都:巴蜀書社,2005 |
| 410页;21cm.-(四川師範大學文學院學術叢書.第二輯) |
| ISBN 7-80659-691-7(精装):CNY 29.80 |
| ● |
| 相关链接 |
|
|
|
正题名:吐魯番學
索取号:K294.52/W316
 
预约/预借
| 序号 | 登录号 | 条形码 | 馆藏地/架位号 | 状态 | 备注 |
| 1 | 614366 | 206143662 | 社科库309/309社科库 38排6列1层/ [索取号:K294.52/W316] | 在馆 | |
| 2 | 614367 | 206143671 | 社科库309/309社科库 38排6列1层/ [索取号:K294.52/W316] | 在馆 |